Analýza způsobu sociálního zabezpečení invalidů z mládí
Sociálne zabezpečenie špecifickej skupiny zdravotne znevýhodnených osôb, ktorých invalidita nastala pred 18. rokom veku, a kvôli tomuto zdravotnému obmedzeniu nie sú schopné trvalej zárobkovej činnosti – takzvaní invalidi z mladosti. Medzinárodné porovnanie sociálneho zabezpečenia špecifických skupí...
Salvato in:
| Autore principale: | |
|---|---|
| Altri autori: | |
| Natura: | Capitolo di libro |
| Lingua: | ceco |
| Soggetti: | |
| Tags: |
Nessun Tag, puoi essere il primo ad aggiungerne!!
|
MARC
| LEADER | 00000naa a2200000 4500 | ||
|---|---|---|---|
| 001 | 0227523 | ||
| 005 | 20221019173008.8 | ||
| 041 | 0 | |a cze | |
| 044 | |a CZ | ||
| 245 | 1 | 0 | |a Analýza způsobu sociálního zabezpečení invalidů z mládí |c Martin Holub, Milan Šlapák |
| 520 | |a Sociálne zabezpečenie špecifickej skupiny zdravotne znevýhodnených osôb, ktorých invalidita nastala pred 18. rokom veku, a kvôli tomuto zdravotnému obmedzeniu nie sú schopné trvalej zárobkovej činnosti – takzvaní invalidi z mladosti. Medzinárodné porovnanie sociálneho zabezpečenia špecifických skupín zdravotne znevýhodnených osôb a dohovor OSN o právach osôb so zdravotným znevýhodnením. | ||
| 610 | 2 | 0 | |a politika sociálna |
| 610 | 2 | 0 | |a systémy sociálne |
| 610 | 2 | 0 | |a zabezpečenie sociálne |
| 610 | 2 | 0 | |a pomoc sociálna |
| 610 | 2 | 0 | |a invalidi |
| 610 | 2 | 0 | |a mladiství |
| 610 | 2 | 0 | |a porovnanie medzinárodné |
| 100 | 1 | |a Holub, Martin | |
| 700 | 1 | |a Šlapák, Milan | |